Chamber's seven-figure mathematical tables / (Record no. 179828)
[ view plain ]
| 000 -LEADER | |
|---|---|
| fixed length control field | 00736 a2200157 4500 |
| 003 - CONTROL NUMBER IDENTIFIER | |
| control field | NUST |
| 005 - DATE AND TIME OF LATEST TRANSACTION | |
| control field | 20221031133610.0 |
| 040 ## - CATALOGING SOURCE | |
| Transcribing agency | Nust |
| 082 ## - DEWEY DECIMAL CLASSIFICATION NUMBER | |
| Classification number | 510,CHA |
| 245 ## - TITLE STATEMENT | |
| Title | Chamber's seven-figure mathematical tables / |
| Statement of responsibility, etc. | edited by James Pryde |
| 260 ## - PUBLICATION, DISTRIBUTION, ETC. | |
| Place of publication, distribution, etc. | London |
| Name of publisher, distributor, etc. | W. & R. Chambers |
| Date of publication, distribution, etc. | 1951 |
| 300 ## - PHYSICAL DESCRIPTION | |
| Extent | 454 p.: |
| 505 ## - FORMATTED CONTENTS NOTE | |
| Formatted contents note | Logarithms of Numbers (Page-2), Reduction of Common to Naperian Logarithms (Page-202), Reduction of Naperian to Common Logarithms (Page-202), Logarithmic Sines Tangents (Page-248), Areas of the Segments of a Circle (Page-249), Natural Tangents (Page-308), Natural Secants (Page-321), Ternary Proportional Logarithms (Page-398), Amplitudes (Page-414). |
| 650 ## - SUBJECT ADDED ENTRY--TOPICAL TERM | |
| Topical term or geographic name entry element | Mathematics |
| 942 ## - ADDED ENTRY ELEMENTS (KOHA) | |
| Source of classification or shelving scheme | |
| Koha item type | Book |
| Call number prefix | 510,CHA |
| Withdrawn status | Lost status | Source of classification or shelving scheme | Damaged status | Not for loan | Permanent Location | Current Location | Shelving location | Date acquired | Full call number | Barcode | Date last seen | Price effective from | Koha item type | Public note |
|---|---|---|---|---|---|---|---|---|---|---|---|---|---|---|
| Military College of Signals (MCS) | Military College of Signals (MCS) | General Stacks | 12/12/2016 | 510,CHA | MCS20678 | 12/08/2016 | 12/12/2016 | Book Bank | Almirah No. A/135, Shelf No.4 |
